000 00678nam a2200229Ia 4500
003 OSt
005 20220918105509.0
006 a|||||r|||| 00| 0
007 ta
008 220915b |||||||| |||| 00| 0 hin d
024 _a207952
037 _cReference Collections
040 _aARTS
_cARTS
_bhin
041 _2hin
_ahin
082 _aP152:4k, J0(RR)
100 _aत्रिपाटी, लालधर
_91695
245 0 _aहिन्दी शब्द कोष
246 _aHindī shabda koṣha
260 _c1973
942 _hP152:4k, J0(RR)
_cREF
999 _c107592
_d107592